000 00624nam a2200217 i 4500
001 C2-0310647
003 PPAK
005 20180728101828.0
008 110622s su |||| ||||| | may d
040 _aPPAK
_beng
_cPPAK
_erda
082 0 4 _a297.55
_223
090 0 0 _a297.55
_bPET
_dKMI
245 0 0 _aPetunjuk untuk jamaah haji dan umrah serta peziarah Masjid Rasul saw
264 1 _aRiyadh :
_bKementrian Urusan Islam ,
300 _a90 pages ;
_c17 cm
336 _2rdacontent
_atext
337 _2rdamedia
_aunmediated
338 _2rdacarrier
_avolume
650 1 0 _aMuslim pilgrims and pilgrimages
942 _ddc
_cB
999 _c112966
_d112966